Central Library OPAC University of Rajshahi

A treasury of verse / (Record no. 19771)

MARC details
000 -LEADER
fixed length control field 00666nam a22002172a 4500
001 - CONTROL NUMBER
control field 19771
003 - CONTROL NUMBER IDENTIFIER
rucl marc code BD-RjUL
005 - DATE AND TIME OF LATEST TRANSACTION
control field 20211209000457.0
008 - FIXED-LENGTH DATA ELEMENTS--GENERAL INFORMATION
fixed length control field 140225r19521925enk 001 0 eng d
035 ## - SYSTEM CONTROL NUMBER
System control number OCLC ocm16584952 from D950426M
-- (BD-RjUL)19832
040 ## - CATALOGING SOURCE
Original cataloging agency UKM
Transcribing agency UKM
Modifying agency BD-RjUL
Language of cataloging eng
041 ## - LANGUAGE CODE
Language code of text/sound track or separate title eng
082 ## - DEWEY DECIMAL CLASSIFICATION NUMBER
Classification number 821.914
Edition number 19
Author mark and year TRE 1952
245 12 - TITLE STATEMENT
Title A treasury of verse /
Statement of responsibility, etc. Selected by Madalen Edgar, Revised by Dorothy Margaret Stuart
260 ## - PUBLICATION, DISTRIBUTION, ETC. (IMPRINT)
Place of publication, distribution, etc. London :
Name of publisher, distributor, etc. George G. Harrap Co.,
Date of publication, distribution, etc. 1925 [Reprinted 1952]
300 ## - PHYSICAL DESCRIPTION
Pagination 350 p. ;
Size 22 cm
500 ## - GENERAL NOTE
General note Includes index.
650 ## - SUBJECT ADDED ENTRY--TOPICAL TERM
Topical term or geographic name as entry element Poetry in English
9 (RLIN) 60748
942 ## - ADDED ENTRY ELEMENTS (KOHA)
Source of classification or shelving scheme Dewey Decimal Classification
Koha item type Books
Holdings
Lost status Source of classification or shelving scheme Damaged status Not for loan Collection code Permanent Location Current Location Shelving location Date acquired Source of acquisition Cost, normal purchase price Total Checkouts Full call number Date last seen Copy number Koha item type
  Dewey Decimal Classification   Not For Loan Non-fiction Central Library, University of Rajshahi Central Library, University of Rajshahi Reading Room 17/01/1955 O.U.P. 2.00   821.914 TRE 1952 25/02/2014 C-1 Books
  Dewey Decimal Classification     Non-fiction Central Library, University of Rajshahi Central Library, University of Rajshahi   13/08/1965       821.914 TRE 1952 14/01/2020 C-2 Books
  Dewey Decimal Classification     Non-fiction Central Library, University of Rajshahi Central Library, University of Rajshahi   17/01/1955 O.U.P. 2.13   821.914 TRE 1952 14/01/2020 C-3 Books